Homenaje a Carlos Fuentes / (Record no. 81178)

MARC details
000 -LEADER
campo de control de longitud fija 00433nam a2200157 i 4500
001 - NÚMERO DE CONTROL
campo de control 81178
003 - IDENTIFICADOR DE NÚMERO DE CONTROL
campo de control ES-MaACL
005 - FECHA Y HORA DE LA ÚLTIMA TRANSACCIÓN
campo de control 20230906174402.0
007 - CAMPO FIJO DE DESCRIPCIÓN FÍSICA--INFORMACIÓN GENERAL
campo de control de longitud fija t|
008 - DATOS DE LONGITUD FIJA--INFORMACIÓN GENERAL
campo de control de longitud fija 041103s1971 xxu ||||1| spa d
245 00 - MENCIÓN DEL TÍTULO
Título Homenaje a Carlos Fuentes /
Mención de responsabilidad, etc. Helmy F. Giacoman.
260 ## - PUBLICACIÓN, DISTRIBUCIÓN, ETC.
Lugar de publicación, distribución, etc. [New York] :
Nombre del editor, distribuidor, etc. Las Americas,
Fecha de publicación, distribución, etc. [1971]
300 ## - DESCRIPCIÓN FÍSICA
Extensión 494 p. ;
Dimensiones 22 cm.
700 1# - ENTRADA AGREGADA--NOMBRE PERSONAL
Nombre de persona Giacoman, Helmy Fuad.
9 (RLIN) 56594
852 ## - LOCALIZACIÓN
Ubicación ES-MaACL
Número de control de estantería C-40936
Sublocalización o colección R.80534
Holdings
Estatus retirado Estado de pérdida Estado de daño No para préstamo Biblioteca de origen Biblioteca actual Ubicación en estantería Fecha de adquisición Fuente de adquisición Total de préstamos Signatura topográfica completa Código de barras Visto por última vez Precio de reemplazo Tipo de ítem Koha
        Biblioteca del Ateneo de Madrid Biblioteca del Ateneo de Madrid Depósito 2 17/01/2008     C-40936 1084861 23/02/2023 23/02/2023 Libro impreso